|
|
|
|
| LEADER |
00000nam a2200000 a 4500 |
| 001 |
vtls008412036 |
| 003 |
SK-MaSNL |
| 005 |
20260301021247.0 |
| 008 |
240318s2005 xo f l 001 0 slo |
| 015 |
|
|
|a SNBI2006/01-00120
|
| 020 |
|
|
|a 8088984769
|q (viaz.)
|
| 035 |
|
|
|a urn:nbn:sk:snk-am00a1j6
|
| 035 |
|
|
|a urn:nbn:sk:snk-am3hd7b
|
| 035 |
|
|
|a 793A7FED-AEE0-48B1-91F0-819D1FA374F1
|
| 040 |
|
|
|a SNK
|b slo
|c SNK
|e AACR2
|
| 041 |
0 |
|
|a slo
|
| 043 |
|
|
|a e-xo---
|
| 044 |
|
|
|a xo
|c SK
|
| 072 |
|
7 |
|a 347
|x Súkromné právo
|2 konspekt
|
| 080 |
|
|
|a 347.931
|2 MDT-MRF
|
| 080 |
|
|
|a (437.6)
|2 MDT-MRF
|
| 080 |
|
|
|a (094.5)
|2 MDT-MRF
|
| 080 |
|
|
|a (0.072)
|2 MDT-MRF
|
| 080 |
|
|
|a 347.61/.64
|2 MDT-MRF
|
| 100 |
1 |
|
|a Svoboda, Jaromír
|4 aut
|9 6815
|
| 245 |
1 |
0 |
|a Zákon o rodine
|b komentár : judikatúra, súvisiace predpisy a vzory rodinnoprávnych podaní
|c Jaromír Svoboda, Svetlana Ficová
|
| 250 |
|
|
|a [1. vyd.]
|
| 260 |
|
|
|a Bratislava
|b Eurounion
|c 2005
|
| 300 |
|
|
|a 728 s.
|c 24 cm
|
| 504 |
|
|
|a Bibliografia s. 715-716
|
| 504 |
|
|
|a Obsahuje vecný register
|
| 650 |
0 |
7 |
|a rodinné právo
|z Slovensko
|2 SNKPH
|9 305972
|
| 650 |
0 |
7 |
|a právne podania
|z Slovensko
|2 SNKPH
|9 309939
|
| 655 |
|
7 |
|a komentáre
|2 SNKPH
|9 70412
|
| 655 |
|
7 |
|a právne predpisy
|2 SNKPH
|9 70481
|
| 700 |
1 |
|
|a Ficová, Svetlana,
|d 1964-
|4 aut
|9 230245
|
| 787 |
0 |
8 |
|a Slovensko
|s Zákon o rodine (2005)
|
| 919 |
|
|
|a 80-88984-76-9
|
| 958 |
|
|
|a OND
|
| 999 |
|
|
|c 564950
|d 566880
|
| 952 |
|
|
|a SNK
|b SNK
|y PREZ
|7 0
|p 17A0491262
|o snkSC 121792
|i snk2005/20276
|8 0
|0 0
|1 0
|4 0
|d 2005-11-28
|f 1
|l 0
|r 2025-06-02 00:00:00
|w 2026-02-23
|
| 952 |
|
|
|a SNK
|b SNK
|y VYP
|7 0
|p 17A0491261
|o snkSC 121792 D1
|i snk2005/20277
|8 0
|0 0
|1 0
|4 0
|d 2005-11-28
|l 0
|r 2026-02-23 13:54:57
|w 2026-02-23
|